000 00271nam a2200121Ia 4500
008 190216s9999||||xx |||||||||||||| ||und||
100 _aNithyachaithanya Yathi
245 0 _aYathra
260 _bCurrent Books
300 _a222
650 _aYathravivaranam
942 _cBK
999 _c29283
_d29283